[Event "XLVII Festival A"]
[Site "Imperia ITA"]
[Date "2005.08.30"]
[Round "3"]
[White "Astengo, Marcello"]
[Black "Stoppa, Omar"]
[WhiteElo "2096"]
[BlackElo "2214"]
[Result "0-1"]
[PlyCount "56"]
[EventDate "2005.08.28"]

1. d4 Nf6 2. c4 c5 3. d5 b5 4. cxb5 a6 5. f3 e6 6. e4 axb5 7. Bxb5 exd5 8. exd5
Qa5+ 9. Nc3 Bb7 10. Qe2+ Kd8 11. Bd2 Qb6 12. Bc4 Bd6 13. Qd3 Na6 14. Nge2 Nb4
15. Qf5 Re8 16. Bg5 Ba6 17. b3 Re5 18. Bxf6+ gxf6 19. Qxf6+ Kc7 20. O-O Rxe2
21. Ne4 Bxc4 22. bxc4 Nd3 23. Rab1 Raxa2 24. Rfd1 Rxg2+ 25. Kh1 Rg1+ 26. Kxg1
Bxh2+ 27. Kf1 Qxf6 28. Rxd3 Qg6 0-1

[Event "XLVII Festival A"]
[Site "Imperia ITA"]
[Date "2005.08.30"]
[Round "3"]
[White "Biolek, Richard jr"]
[Black "Faraci, Antonino"]
[WhiteElo "2155"]
[BlackElo "2067"]
[Result "1-0"]
[PlyCount "93"]
[EventDate "2005.08.28"]

1. e4 c5 2. Nf3 a6 3. d4 cxd4 4. Nxd4 Nf6 5. Nc3 e5 6. Nf3 d6 7. Bg5 Be7 8. Be2
O-O 9. O-O Be6 10. Qd2 Nbd7 11. Rfd1 Qc7 12. Nd5 Bxd5 13. Bxf6 Nxf6 14. exd5
Nd7 15. c3 f5 16. Ng5 Bxg5 17. Qxg5 Rf6 18. Qe3 Re8 19. f4 e4 20. a4 Qd8 21. a5
Kh8 22. c4 Qc7 23. b4 Rc8 24. Ra3 h6 25. Qd4 Kh7 26. Rc1 Rg8 27. h4 g5 28. hxg5
hxg5 29. Rh3+ Rh6 30. Rxh6+ Kxh6 31. fxg5+ Kxg5 32. Rc3 f4 33. Qxe4 Nf6 34. Qd4
Qh7 35. Rh3 Qb1+ 36. Kh2 Re8 37. Qd1 Qb2 38. Bf3 Qf2 39. Qg1 Qd2 40. Qb6 Re3
41. Qxb7 Rxf3 42. Qg7+ Kf5 43. Rxf3 Ng4+ 44. Kh3 Nf2+ 45. Kh4 Ke4 46. Qe7+ Kd4
47. Qa7+ 1-0

[Event "XLVII Festival A"]
[Site "Imperia ITA"]
[Date "2005.08.30"]
[Round "3"]
[White "Blasco, Domenico"]
[Black "Sarmir, Milos"]
[WhiteElo "1994"]
[BlackElo "2154"]
[Result "0-1"]
[PlyCount "80"]
[EventDate "2005.08.28"]

1. d4 Nf6 2. Nf3 e6 3. Bf4 d5 4. e3 Be7 5. Nbd2 Nbd7 6. Bd3 O-O 7. Ne5 c5 8. c3
Nxe5 9. dxe5 Ne8 10. O-O g6 11. Nf3 Ng7 12. Qe2 b6 13. Rad1 Qc7 14. Rfe1 Bb7
15. h3 Rfd8 16. Ba6 Bc6 17. Bb5 Bxb5 18. Qxb5 a6 19. Qe2 b5 20. Bh2 Qa5 21. a3
Qb6 22. Bf4 a5 23. Bg5 Bxg5 24. Nxg5 b4 25. axb4 axb4 26. Qf3 Ra7 27. c4 h6 28.
cxd5 hxg5 29. dxe6 Nxe6 30. Qf6 Rad7 31. Ra1 c4 32. Rec1 Qc6 33. f4 Qe4 34. Rf1
Rd2 35. Rf3 gxf4 36. Ra7 R2d7 37. Ra6 Rd1+ 38. Kh2 Qxf3 39. Qxd8+ Rxd8 40. gxf3
Rd2+ 0-1

[Event "XLVII Festival A"]
[Site "Imperia ITA"]
[Date "2005.08.30"]
[Round "3"]
[White "Cugini, Verter"]
[Black "Puobis, Jozef"]
[WhiteElo "2210"]
[BlackElo "2051"]
[Result "1/2-1/2"]
[PlyCount "76"]
[EventDate "2005.08.28"]

1. e4 e5 2. Nf3 Nf6 3. Nc3 Bb4 4. Nxe5 Bxc3 5. bxc3 d6 6. Nf3 Nxe4 7. Bd3 Nf6
8. O-O O-O 9. h3 Nbd7 10. Re1 Nc5 11. Bf1 Re8 12. Rxe8+ Qxe8 13. d3 Ne6 14. c4
Bd7 15. Bb2 Qd8 16. Qd2 h6 17. Re1 Bc6 18. Nd4 Nxd4 19. Bxd4 Ne8 20. Re3 Qh4
21. Bb2 Qg5 22. g3 Nf6 23. f4 Qf5 24. Kh2 Re8 25. Rxe8+ Nxe8 26. Bd4 a6 27. g4
Qd7 28. Qe3 Qe6 29. f5 Qxe3 30. Bxe3 Kf8 31. Kg3 Nf6 32. h4 Ng8 33. d4 f6 34.
d5 Ba4 35. Bd3 Kf7 36. Kf4 Ne7 37. Ke4 c5 38. dxc6 Nxc6 1/2-1/2

[Event "XLVII Festival A"]
[Site "Imperia ITA"]
[Date "2005.08.30"]
[Round "3"]
[White "De Marco, Walter"]
[Black "Fossati, Remigio"]
[WhiteElo "2055"]
[BlackElo "2133"]
[Result "0-1"]
[PlyCount "66"]
[EventDate "2005.08.28"]

1. Nf3 Nc6 2. d4 d5 3. b3 Bg4 4. Bb2 e6 5. Nbd2 Nf6 6. e3 Bd6 7. Be2 O-O 8. O-O
Re8 9. Ne5 Bxe2 10. Qxe2 Bxe5 11. dxe5 Nd7 12. f4 f6 13. c4 fxe5 14. cxd5 exd5
15. Qf3 e4 16. Qh5 Nf6 17. Bxf6 gxf6 18. Rad1 Qd7 19. Nb1 Nb4 20. Nc3 Rad8 21.
Rd4 c5 22. Rd2 Qf7 23. Qd1 Nd3 24. g4 a6 25. Ne2 f5 26. gxf5 Qxf5 27. Ng3 Qh3
28. Rg2 Kf7 29. f5 Rg8 30. f6 Rg5 31. Qd2 Rdg8 32. Qa5 Qd7 33. Qd2 h5 0-1

[Event "XLVII Festival A"]
[Site "Imperia ITA"]
[Date "2005.08.30"]
[Round "3"]
[White "De Vita, Igor"]
[Black "Spatola, Davide"]
[WhiteElo "2157"]
[BlackElo "2102"]
[Result "0-1"]
[PlyCount "84"]
[EventDate "2005.08.28"]

1. d4 Nf6 2. c4 c5 3. d5 b5 4. cxb5 a6 5. b6 Qxb6 6. Nc3 d6 7. e4 g6 8. Nf3
Nbd7 9. h3 Bg7 10. Nd2 O-O 11. Nc4 Qc7 12. a4 Nb6 13. Ne3 a5 14. Bb5 Bb7 15.
Qb3 Rfc8 16. Bd2 c4 17. Qa2 e6 18. Rc1 exd5 19. exd5 Nfxd5 20. Nexd5 Bxd5 21.
Nxd5 Nxd5 22. Bxc4 Qe7+ 23. Kf1 Nb6 24. Re1 Qc7 25. Bb3 d5 26. g3 Qb7 27. Kg2
Nc4 28. Bf4 Ra6 29. Re2 Rb6 30. Rhe1 Qc6 31. Kh2 h5 32. Rc2 Qf6 33. h4 Rb4 34.
Rec1 Qb6 35. Bxc4 dxc4 36. Be3 Qc6 37. b3 c3 38. Rb1 Bd4 39. Re2 Qf6 40. Kg2
Qf5 41. Rbe1 Bf6 42. Bc1 Qd5+ 0-1

[Event "XLVII Festival A"]
[Site "Imperia ITA"]
[Date "2005.08.30"]
[Round "3"]
[White "Hodova, Lucie"]
[Black "Tasic, Branislav"]
[WhiteElo "2112"]
[BlackElo "2245"]
[Result "1/2-1/2"]
[PlyCount "54"]
[EventDate "2005.08.28"]

1. e4 e6 2. d4 d5 3. e5 c5 4. c3 Nc6 5. Nf3 Qb6 6. Be2 Nh6 7. Na3 cxd4 8. cxd4
Nf5 9. Nc2 Be7 10. O-O Bd7 11. Rb1 a5 12. g4 Nh4 13. Nxh4 Bxh4 14. f4 f6 15.
Be3 O-O 16. g5 Ne7 17. Kg2 Nf5 18. Bc1 Qd8 19. Qd2 h6 20. gxf6 gxf6 21. Bd3 Ng7
22. Qe2 f5 23. Be3 Be8 24. Kh1 Kh7 25. Qd2 Bh5 26. Ne1 Rg8 27. Rc1 Be7 1/2-1/2

[Event "XLVII Festival A"]
[Site "Imperia ITA"]
[Date "2005.08.30"]
[Round "3"]
[White "Jurek, Josef"]
[Black "Biolek, Richard sr"]
[WhiteElo "2381"]
[BlackElo "2460"]
[Result "1/2-1/2"]
[PlyCount "22"]
[EventDate "2005.08.28"]

1. d4 f5 2. c4 e6 3. g3 d5 4. Bg2 c6 5. Nf3 Nf6 6. O-O Bd6 7. Qc2 O-O 8. Bf4
Bxf4 9. gxf4 Bd7 10. Nbd2 Be8 11. Ne5 Bh5 1/2-1/2

[Event "XLVII Festival A"]
[Site "Imperia ITA"]
[Date "2005.08.30"]
[Round "3"]
[White "Likavsky, Tomas"]
[Black "Del Dotto, Riccardo"]
[WhiteElo "2493"]
[BlackElo "2127"]
[Result "0-1"]
[PlyCount "142"]
[EventDate "2005.08.28"]

1. Nf3 d5 2. g3 c6 3. Bg2 Nf6 4. b3 Bf5 5. Bb2 h6 6. d3 e6 7. Nbd2 Be7 8. e4
dxe4 9. dxe4 Nxe4 10. Bxg7 Rg8 11. Bb2 Bb4 12. a3 Bc3 13. Bxc3 Nxc3 14. Qc1 Qf6
15. Nc4 Bh3 16. Nh4 Bxg2 17. Nxg2 Qf3 18. Kf1 Qe2+ 19. Kg1 Qxc4 20. bxc4 Ne2+
21. Kf1 Nxc1 22. Rxc1 c5 23. Rb1 b6 24. Ne3 Nc6 25. Rd1 Ke7 26. f3 f5 27. Kf2
Rad8 28. Rhe1 Kf6 29. g4 f4 30. Ng2 e5 31. Rd5 Rxd5 32. cxd5 Na5 33. h4 Rd8 34.
g5+ hxg5 35. hxg5+ Kf5 36. g6 Nc4 37. Nh4+ Kg5 38. g7 Rg8 39. d6 Nxd6 40. Ng2
Nc4 41. a4 Kf6 42. Rd1 Rxg7 43. Rd8 Ke6 44. Ne1 Rd7 45. Re8+ Kf7 46. Ra8 Rd2+
47. Kg1 a5 48. Rb8 Ke6 49. Kf1 Kd5 50. Rd8+ Nd6 51. Rb8 Kc6 52. Nd3 e4 53. fxe4
Nxe4 54. Re8 Nd6 55. Rf8 Rxc2 56. Rxf4 Kd5 57. Rf6 Rc4 58. Nf4+ Ke5 59. Re6+
Kxf4 60. Rxd6 Rb4 61. Ke2 Ke5 62. Rh6 Rb3 63. Kd2 c4 64. Kc2 Kd5 65. Rh5+ Kd4
66. Rh4+ Kc5 67. Rh6 Ra3 68. Rh5+ Kd4 69. Rb5 Ra2+ 70. Kb1 Rxa4 71. Rxb6 Rb4+
0-1

[Event "XLVII Festival A"]
[Site "Imperia ITA"]
[Date "2005.08.30"]
[Round "3"]
[White "Mercandelli, Claudio"]
[Black "Feistenauer, Harald"]
[WhiteElo "2105"]
[BlackElo "2100"]
[Result "0-1"]
[PlyCount "66"]
[EventDate "2005.08.28"]

1. c4 c5 2. g3 Nc6 3. Bg2 g6 4. Nc3 Bg7 5. a3 a6 6. Rb1 Rb8 7. b4 cxb4 8. axb4
b5 9. cxb5 axb5 10. Nf3 Nf6 11. O-O d5 12. d3 e5 13. Qb3 O-O 14. Rd1 h6 15. e4
d4 16. Ne2 Qd6 17. Bd2 Be6 18. Qb2 Nd7 19. Ra1 Nb6 20. Ne1 Na4 21. Qb1 Rfc8 22.
Rc1 Bf8 23. Nc2 Qd7 24. f4 f6 25. Rf1 Kh7 26. f5 gxf5 27. exf5 Bd5 28. Bxd5
Qxd5 29. Qa2 Ne7 30. Na3 Nc3 31. Bxc3 dxc3 32. Qxd5 Nxd5 33. Rac1 Bxb4 0-1

[Event "XLVII Festival A"]
[Site "Imperia ITA"]
[Date "2005.08.30"]
[Round "3"]
[White "Schwanengel, Ulrich"]
[Black "Barlocco, Carlo"]
[WhiteElo "2097"]
[BlackElo "2235"]
[Result "0-1"]
[PlyCount "124"]
[EventDate "2005.08.28"]

1. e4 b6 2. d4 Bb7 3. Nc3 e6 4. Bd3 Bb4 5. Nge2 c5 6. a3 Bxc3+ 7. bxc3 c4 8.
Bxc4 Bxe4 9. f3 Bg6 10. O-O Ne7 11. Bf4 O-O 12. Qd2 d5 13. Bb3 Nbc6 14. c4 Na5
15. c5 bxc5 16. dxc5 Rc8 17. Qb4 Nec6 18. Qd2 Nb7 19. Bg5 Qa5 20. c4 dxc4 21.
Qxa5 Ncxa5 22. Ba2 Nxc5 23. Rac1 Bd3 24. Rfe1 Nab3 25. Rc3 Rc6 26. Nc1 Rb8 27.
Bxb3 cxb3 28. Nxd3 Nxd3 29. Rxd3 b2 30. Rb1 Rc2 31. Kf1 h6 32. Be3 a6 33. h3 g5
34. Kg1 Kh7 35. Kh2 Kg6 36. Kg3 f5 37. f4 e5 38. Rd6+ Kf7 39. Bd2 gxf4+ 40. Kf3
Rb3+ 41. Ke2 Rc8 42. Rxa6 Rg8 43. Kf1 f3 44. gxf3 Rxf3+ 45. Ke2 Rb3 46. Rxh6 f4
47. Kf1 f3 48. Rc6 Ra8 49. Bb4 Rxb4 50. Rc3 e4 51. Re3 Rd4 52. Rxb2 Ke6 53.
Rbb3 Ke5 54. Re1 Kf4 55. h4 Rh8 56. Rb4 Rxb4 57. axb4 Rxh4 58. Kg1 Kg3 59. Re3
Kf4 60. Rb3 e3 61. b5 e2 62. Rb1 Kg3 0-1

[Event "XLVII Festival A"]
[Site "Imperia ITA"]
[Date "2005.08.30"]
[Round "3"]
[White "Simacek, Pavel"]
[Black "Mueller, Ralf"]
[WhiteElo "2453"]
[BlackElo "2342"]
[Result "1-0"]
[PlyCount "81"]
[EventDate "2005.08.28"]

1. e4 c5 2. Nf3 d6 3. d4 cxd4 4. Nxd4 Nf6 5. Nc3 a6 6. Bg5 e6 7. f4 Be7 8. Qf3
Qc7 9. O-O-O Nc6 10. Nxc6 Qxc6 11. e5 Qxf3 12. gxf3 dxe5 13. fxe5 Nd7 14. Bxe7
Kxe7 15. f4 g5 16. fxg5 Nxe5 17. Bg2 h6 18. Rhe1 Nc4 19. Nd5+ Kf8 20. Nc7 Rb8
21. b3 Nb6 22. g6 Ke7 23. gxf7 Na8 24. Nxe6 Bxe6 25. Bd5 Nc7 26. Rxe6+ Nxe6 27.
Re1 Kxf7 28. Rxe6 Rhd8 29. c4 Kg7 30. Re7+ Kf6 31. Rh7 Rh8 32. Rf7+ Kg6 33.
Rxb7 Rxb7 34. Bxb7 a5 35. c5 Kf6 36. c6 Rh7 37. Kb2 Ke5 38. Kc3 Kd6 39. Kc4 Kc7
40. Kc5 Rf7 41. b4 1-0

[Event "XLVII Festival A"]
[Site "Imperia ITA"]
[Date "2005.08.30"]
[Round "3"]
[White "Spirek, Adam"]
[Black "Simek, Jiri"]
[WhiteElo "2050"]
[BlackElo "2193"]
[Result "0-1"]
[PlyCount "64"]
[EventDate "2005.08.28"]

1. e4 e5 2. Nf3 Nc6 3. d4 exd4 4. Nxd4 Nf6 5. Nxc6 bxc6 6. e5 Qe7 7. Qe2 Nd5 8.
c4 Nb6 9. Nd2 Bb7 10. b3 a5 11. Bb2 a4 12. Qe3 axb3 13. axb3 Rxa1+ 14. Bxa1 Qa3
15. Bc3 Qc1+ 16. Ke2 c5 17. f3 h5 18. g3 Qc2 19. h4 Qg6 20. Rg1 Be7 21. Kd1 Qe6
22. Ne4 Kf8 23. Nxc5 Bxf3+ 24. Kc2 Qc6 25. Nd3 Rh6 26. Bh3 Be4 27. Re1 Bh7 28.
Kd2 Bxd3 29. Kxd3 Bc5 30. Qe2 Qg6+ 31. Kd2 Qxg3 32. Bf5 Qf4+ 0-1

[Event "XLVII Festival A"]
[Site "Imperia ITA"]
[Date "2005.08.30"]
[Round "3"]
[White "Sulava, Nenad"]
[Black "Dolezal, Radoslav jr"]
[WhiteElo "2485"]
[BlackElo "2390"]
[Result "1/2-1/2"]
[PlyCount "51"]
[EventDate "2005.08.28"]

1. d4 d5 2. Nf3 c6 3. c4 e6 4. Bg5 Be7 5. Bxe7 Qxe7 6. e3 Nf6 7. Nc3 O-O 8. Qc2
Nbd7 9. cxd5 exd5 10. Bd3 Re8 11. O-O Nf8 12. Rae1 Ne4 13. Bxe4 dxe4 14. Nd2 f5
15. f3 exf3 16. Nxf3 Ng6 17. d5 Qc5 18. dxc6 bxc6 19. Ng5 Rb8 20. Qe2 h6 21.
Qh5 Rxe3 22. Kh1 hxg5 23. Qxg6 Bd7 24. Qxg5 Rxe1 25. Rxe1 Qf2 26. Rg1 1/2-1/2

[Event "XLVII Festival A"]
[Site "Imperia ITA"]
[Date "2005.08.30"]
[Round "3"]
[White "Vozza, Nicola"]
[Black "Van Hoolandt, Patrick"]
[WhiteElo "2005"]
[BlackElo "2191"]
[Result "0-1"]
[PlyCount "58"]
[EventDate "2005.08.28"]

1. d4 Nf6 2. e3 e6 3. c4 Bb4+ 4. Nc3 c5 5. Nf3 O-O 6. Bd3 Nc6 7. O-O Bxc3 8.
bxc3 d6 9. e4 e5 10. d5 Ne7 11. Re1 Ng6 12. Bf1 h6 13. g3 Nh7 14. Bg2 f5 15.
exf5 Bxf5 16. Nd2 Qd7 17. Ne4 Nf6 18. Nxf6+ Rxf6 19. f4 exf4 20. Re6 Bxe6 21.
dxe6 Qe7 22. Rb1 Rb8 23. Qa4 Rxe6 24. Bd5 Kh7 25. Bxe6 Qxe6 26. Qxa7 Qe1+ 27.
Kg2 f3+ 28. Kxf3 Rf8+ 29. Kg4 Qe6+ 0-1

[Event "XLVII Festival A"]
[Site "Imperia ITA"]
[Date "2005.08.31"]
[Round "4"]
[White "Banas, Jan"]
[Black "Pepino, Enrico"]
[WhiteElo "2367"]
[BlackElo "2149"]
[Result "1-0"]
[PlyCount "49"]
[EventDate "2005.08.28"]

1. c4 g6 2. e4 d6 3. Nc3 Nf6 4. g3 c5 5. Bg2 Bg7 6. Nge2 O-O 7. O-O Nc6 8. d3
a6 9. h3 Rb8 10. f4 Nd4 11. Nxd4 cxd4 12. Ne2 Nd7 13. f5 b5 14. cxb5 Rxb5 15.
b3 e5 16. a4 Rb8 17. Ba3 Nc5 18. b4 Nb7 19. Kh2 Bd7 20. Bc1 Re8 21. h4 Bc6 22.
Ng1 d5 23. fxg6 hxg6 24. Qb3 Nc5 25. Qc2 1-0

[Event "XLVII Festival A"]
[Site "Imperia ITA"]
[Date "2005.08.31"]
[Round "4"]
[White "Barlocco, Carlo"]
[Black "Cichy, Miroslav"]
[WhiteElo "2235"]
[BlackElo "2096"]
[Result "1-0"]
[PlyCount "127"]
[EventDate "2005.08.28"]

1. Nf3 Nf6 2. c4 g6 3. g3 Bg7 4. Bg2 O-O 5. O-O d6 6. Nc3 c6 7. d4 Qc7 8. e4 e5
9. h3 Nbd7 10. Be3 a5 11. b3 Rb8 12. Rc1 Re8 13. c5 Nh5 14. cxd6 Qxd6 15. dxe5
Qxd1 16. Rfxd1 Nxe5 17. Nxe5 Bxe5 18. Na4 Bc7 19. Bb6 Bxb6 20. Nxb6 Be6 21. Rc5
Rbd8 22. Rxd8 Rxd8 23. Rxa5 Rd1+ 24. Kh2 Rd2 25. f4 f5 26. e5 g5 27. Ra4 gxf4
28. gxf4 Rf2 29. Kg1 Rxf4 30. Ra8+ Kf7 31. Rb8 Rd4 32. Rxb7+ Kg6 33. Bxc6 Rd1+
34. Kf2 Rd2+ 35. Ke3 Rxa2 36. Be8+ Kg5 37. Rxh7 f4+ 38. Kf3 Ng3 39. Bf7 Bxb3
40. Bxb3 Ra3 41. Rg7+ Kh6 42. Rb7 Rxb3+ 43. Kxf4 Ne2+ 44. Ke4 Nc3+ 45. Kf5 Na4
46. e6 Rb5+ 47. Kf6 Rxb6 48. Rc7 Rb1 49. e7 Rf1+ 50. Ke6 Re1+ 51. Kf7 Rf1+ 52.
Ke8 Kg7 53. Rc4 Nb2 54. Rd4 Ra1 55. Kd7 Ra7+ 56. Ke6 Ra6+ 57. Rd6 Ra8 58. Rd8
Ra6+ 59. Kd5 Ra5+ 60. Ke4 Ra4+ 61. Kf3 Ra3+ 62. Ke2 Nd3 63. e8=Q Nf4+ 64. Kd2
1-0

[Event "XLVII Festival A"]
[Site "Imperia ITA"]
[Date "2005.08.31"]
[Round "4"]
[White "Carzolio, Luigi"]
[Black "Mercandelli, Claudio"]
[WhiteElo "2034"]
[BlackElo "2105"]
[Result "0-1"]
[PlyCount "68"]
[EventDate "2005.08.28"]

1. f4 Nf6 2. Nf3 d6 3. e3 g6 4. b3 Bg7 5. Bb2 O-O 6. g3 Bg4 7. h3 Bxf3 8. Qxf3
Nc6 9. Bg2 e5 10. O-O Nh5 11. Nc3 f5 12. Kh2 a6 13. Qe2 e4 14. d3 d5 15. Rad1
exd3 16. Qxd3 Ne7 17. Ba3 c6 18. Ne2 Nf6 19. c4 Re8 20. Nd4 dxc4 21. Qxc4+ Ned5
22. Nxc6 bxc6 23. Qxc6 Rc8 24. Rxd5 Rxc6 25. Rxd8 Rxd8 26. Bxc6 Rd2+ 27. Kg1
Rxa2 28. Bd6 Ne4 29. Bd5+ Kh8 30. Bc7 Nxg3 31. Rd1 Ne2+ 32. Kf1 Ng3+ 33. Kg1
Ne2+ 34. Kf2 Nc3+ 0-1

[Event "XLVII Festival A"]
[Site "Imperia ITA"]
[Date "2005.08.31"]
[Round "4"]
[White "Cirabisi, Federico"]
[Black "Schwanengel, Ulrich"]
[WhiteElo "2109"]
[BlackElo "2097"]
[Result "0-1"]
[PlyCount "44"]
[EventDate "2005.08.28"]

1. e4 e5 2. Nc3 Nf6 3. f4 d5 4. fxe5 Nxe4 5. Nf3 Be7 6. Qe2 f5 7. d4 O-O 8. Be3
f4 9. Bf2 Bb4 10. Nd2 Nxc3 11. bxc3 Bxc3 12. Rb1 c6 13. Qh5 Rf5 14. Qh3 Rxe5+
15. dxe5 Bxh3 16. gxh3 Qe7 17. Rg1 b6 18. Bd3 Nd7 19. Rb3 Nxe5 20. Rxc3 Nxd3+
21. Kf1 Nxf2 22. Kxf2 Re8 0-1

[Event "XLVII Festival A"]
[Site "Imperia ITA"]
[Date "2005.08.31"]
[Round "4"]
[White "De Vita, Igor"]
[Black "De Marco, Walter"]
[WhiteElo "2157"]
[BlackElo "2055"]
[Result "0-1"]
[PlyCount "69"]
[EventDate "2005.08.28"]

1. d4 g6 2. g3 Bg7 3. Bg2 d6 4. c3 c6 5. Na3 Nf6 6. Nh3 O-O 7. Bg5 Bf5 8. f3 h6
9. Bd2 Qc7 10. e4 Bc8 11. Qc1 h5 12. Bh6 e5 13. Bxg7 Kxg7 14. Qg5 exd4 15. cxd4
Qb6 16. Qd2 Qa6 17. Bf1 Qb6 18. Nc4 Qd8 19. Ng5 Nh7 20. Nxh7 Kxh7 21. Qf4 d5
22. Ne5 Be6 23. Bd3 Nd7 24. O-O-O Nxe5 25. Qxe5 Qe7 26. exd5 cxd5 27. Qxh5+ Kg7
28. Qe5+ Kg8 29. h4 Rac8+ 30. Kb1 Qc7 31. Qg5 Qd7 32. g4 Kg7 33. h5 Rh8 34.
hxg6 Rxh1 35. Rxh1 0-1

[Event "XLVII Festival A"]
[Site "Imperia ITA"]
[Date "2005.08.31"]
[Round "4"]
[White "Del Dotto, Riccardo"]
[Black "Lacrosse, Marc"]
[WhiteElo "2127"]
[BlackElo "2242"]
[Result "0-1"]
[PlyCount "54"]
[EventDate "2005.08.28"]

1. e4 e5 2. d4 exd4 3. Qxd4 Nc6 4. Qe3 Nf6 5. Nc3 Be7 6. Bc4 O-O 7. Bd2 Ng4 8.
Qe2 Nd4 9. Qxg4 d5 10. Qh5 Nxc2+ 11. Kd1 Nxa1 12. exd5 a6 13. Bd3 g6 14. Qf3 b5
15. Nce2 Bb7 16. Nf4 b4 17. Bc4 Rc8 18. Kc1 c6 19. Kb1 cxd5 20. Bd3 a5 21. Kxa1
a4 22. h4 a3 23. h5 Qb6 24. hxg6 fxg6 25. Rxh7 Qf6 26. Bc3 Rxc3 27. Qe2 Rc1+
0-1

[Event "XLVII Festival A"]
[Site "Imperia ITA"]
[Date "2005.08.31"]
[Round "4"]
[White "Dunis, Aurelien"]
[Black "Gross, Stefan"]
[WhiteElo "2485"]
[BlackElo "2274"]
[Result "1-0"]
[PlyCount "63"]
[EventDate "2005.08.28"]

1. e4 c5 2. Nc3 Nc6 3. Nge2 Nf6 4. d4 cxd4 5. Nxd4 d6 6. Bc4 Qb6 7. Nxc6 bxc6
8. O-O e6 9. Qe2 Be7 10. e5 dxe5 11. Qxe5 O-O 12. Na4 Qb4 13. b3 Bd6 14. Qe2
Qb8 15. h3 Nd5 16. Rd1 e5 17. Bxd5 cxd5 18. Rxd5 Bb7 19. Rd1 Qc7 20. c4 Qc6 21.
f3 Rae8 22. Be3 f5 23. Rxd6 Qxd6 24. Bc5 Qc7 25. Bxf8 Rxf8 26. Re1 Re8 27. Qf2
Qa5 28. Rd1 e4 29. fxe4 Bxe4 30. Nc5 Qc3 31. Nxe4 fxe4 32. Rf1 1-0

[Event "XLVII Festival A"]
[Site "Imperia ITA"]
[Date "2005.08.31"]
[Round "4"]
[White "Faraci, Antonino"]
[Black "Vozza, Nicola"]
[WhiteElo "2067"]
[BlackElo "2005"]
[Result "0-1"]
[PlyCount "58"]
[EventDate "2005.08.28"]

1. e4 e6 2. d4 d5 3. Nc3 Nf6 4. e5 Nfd7 5. Nf3 c5 6. dxc5 Bxc5 7. Bd3 Nc6 8.
Qe2 O-O 9. Bxh7+ Kxh7 10. Ng5+ Kg6 11. Qd3+ f5 12. Nxe6 Qh4 13. g3 Qc4 14.
Nxf8+ Nxf8 15. f4 Qxd3 16. cxd3 Be6 17. a3 Nd4 18. Rb1 Nb3 19. Bd2 Nd7 20. Ne2
Bb6 21. Nc1 Nd4 22. Bc3 Nf3+ 23. Ke2 d4 24. Bd2 Rc8 25. h3 Bd5 26. Rd1 Rh8 27.
Rf1 Nh2 28. Rg1 Rxh3 29. Be1 Ng4 0-1

[Event "XLVII Festival A"]
[Site "Imperia ITA"]
[Date "2005.08.31"]
[Round "4"]
[White "Fossati, Remigio"]
[Black "Poloch, Petr"]
[WhiteElo "2133"]
[BlackElo "2294"]
[Result "1/2-1/2"]
[PlyCount "70"]
[EventDate "2005.08.28"]

1. e4 c5 2. c3 d5 3. exd5 Qxd5 4. d4 Nf6 5. Nf3 Nc6 6. Be2 cxd4 7. cxd4 e6 8.
O-O Be7 9. Nc3 Qd6 10. Nb5 Qb8 11. Be3 a6 12. Nc3 O-O 13. a3 b5 14. Bd3 Bb7 15.
Qe2 Ng4 16. Rfd1 Na5 17. h3 Nxe3 18. fxe3 Rc8 19. Rf1 Bf6 20. Nh2 Qg3 21. Ng4
Bg5 22. Rae1 Nc4 23. Bxc4 Rxc4 24. Rf2 Rc7 25. e4 Qd6 26. Rd1 Rd8 27. Ne5 f6
28. Nf3 Bf4 29. Rff1 Rcd7 30. Rd3 Qb6 31. Kh1 Bb8 32. b4 Qc7 33. Rfd1 Qc4 34.
Nd2 Qc7 35. Nf3 Qc4 1/2-1/2

[Event "XLVII Festival A"]
[Site "Imperia ITA"]
[Date "2005.08.31"]
[Round "4"]
[White "Kalod, Radek"]
[Black "Ermenkov, Evgenij P."]
[WhiteElo "2492"]
[BlackElo "2478"]
[Result "0-1"]
[PlyCount "122"]
[EventDate "2005.08.28"]

1. e4 c5 2. Nf3 d6 3. d4 cxd4 4. Nxd4 Nf6 5. Nc3 Nc6 6. Bg5 e6 7. Qd2 Be7 8.
O-O-O Nxd4 9. Qxd4 O-O 10. f3 a6 11. h4 b5 12. Kb1 Qa5 13. Qd2 Qc7 14. g4 Bb7
15. Bd3 Rfd8 16. Rhe1 b4 17. Ne2 d5 18. e5 Ne4 19. Qf4 Nf2 20. Nd4 Nxd3 21.
cxd3 Rdc8 22. Rc1 Qd7 23. Bxe7 Qxe7 24. g5 a5 25. Qe3 Ba6 26. h5 a4 27. f4
Rxc1+ 28. Rxc1 Qa7 29. h6 g6 30. Rc6 Bb5 31. Rc1 Ba6 32. Ka1 a3 33. b3 Kf8 34.
Kb1 Ke8 35. Rc2 Kd7 36. Kc1 Rc8 37. Rxc8 Kxc8 38. Kd2 Qc5 39. Ne2 Qb5 40. Qd4
Kd7 41. Ng3 Kc6 42. Nf1 Qb7 43. Ne3 Kb5 44. Ng4 Qc6 45. Ne3 Qc7 46. Nc2 Qe7 47.
Qg1 Ka5 48. Ne3 Qc7 49. Qc1 Qb6 50. Ke2 Bb5 51. Nc2 Qc5 52. Qd2 Ba6 53. Kf3 d4
54. Nxa3 Qc3 55. Nb1 Qc6+ 56. Kg3 Qh1 57. a3 Qg1+ 58. Kh3 Qe3+ 59. Qxe3 dxe3
60. Kg3 Bxd3 61. Kf3 Bxb1 0-1

[Event "XLVII Festival A"]
[Site "Imperia ITA"]
[Date "2005.08.31"]
[Round "4"]
[White "Mueller, Ralf"]
[Black "Hodova, Lucie"]
[WhiteElo "2342"]
[BlackElo "2112"]
[Result "1-0"]
[PlyCount "51"]
[EventDate "2005.08.28"]

1. c4 c5 2. Nc3 Nf6 3. g3 d5 4. cxd5 Nxd5 5. Bg2 Nc7 6. Nf3 Nc6 7. d3 e5 8. O-O
Be7 9. Be3 Be6 10. Qa4 O-O 11. a3 f6 12. Nd2 Nd5 13. Qb3 Na5 14. Bxd5 Nxb3 15.
Bxe6+ Kh8 16. Bxb3 f5 17. Nf3 f4 18. Bd2 Bd6 19. Ne4 h6 20. Bc3 Re8 21. gxf4
exf4 22. Kh1 b6 23. Rg1 Bf8 24. Rg6 Kh7 25. Rag1 Qe7 26. Nf6+ 1-0

[Event "XLVII Festival A"]
[Site "Imperia ITA"]
[Date "2005.08.31"]
[Round "4"]
[White "Sarmir, Milos"]
[Black "Kantorik, Marian"]
[WhiteElo "2154"]
[BlackElo "2342"]
[Result "1-0"]
[PlyCount "127"]
[EventDate "2005.08.28"]

1. e4 c5 2. Nf3 Nf6 3. Nc3 d5 4. exd5 Nxd5 5. Nxd5 Qxd5 6. d4 Bg4 7. Be2 cxd4
8. Qxd4 Qxd4 9. Nxd4 Bxe2 10. Kxe2 Nd7 11. Be3 Rc8 12. Rac1 Ne5 13. b3 Ng4 14.
c4 Nxe3 15. Kxe3 e6 16. Ke2 Bc5 17. Nb5 Ke7 18. Rhd1 Rhd8 19. f3 a6 20. Nc3 Bd4
21. Nd5+ exd5 22. Rxd4 dxc4 23. Rdxc4 Rxc4 24. Rxc4 b5 25. Rc6 Rd6 26. Rxd6
Kxd6 27. Kd3 Kd5 28. Kc3 a5 29. Kd3 g5 30. g3 b4 31. Ke3 Ke5 32. Kd3 Kd5 33.
Ke3 f6 34. Kd3 h5 35. Ke3 Ke5 36. Kd3 f5 37. Ke3 f4+ 38. gxf4+ gxf4+ 39. Kd3 h4
40. Kc4 h3 41. Kc5 Ke6 42. Kd4 Kd6 43. Ke4 Kc5 44. Ke5 a4 45. Ke4 a3 46. Ke5
Kc6 47. Kxf4 Kd5 48. Ke3 Ke5 49. f4+ Ke6 50. Ke4 Kf6 51. f5 Ke7 52. Kf4 Kf7 53.
Kg4 Kf6 54. Kxh3 Kxf5 55. Kg3 Ke4 56. h4 Kd3 57. h5 Kc2 58. h6 Kb2 59. h7 Kxa2
60. h8=Q Kxb3 61. Qh1 a2 62. Kf3 Ka3 63. Ke3 b3 64. Qc1+ 1-0

[Event "XLVII Festival A"]
[Site "Imperia ITA"]
[Date "2005.08.31"]
[Round "4"]
[White "Simek, Jiri"]
[Black "Jurek, Josef"]
[WhiteElo "2193"]
[BlackElo "2381"]
[Result "0-1"]
[PlyCount "88"]
[EventDate "2005.08.28"]

1. e4 e6 2. d4 d5 3. Nd2 Nf6 4. e5 Nfd7 5. Bd3 c5 6. c3 Nc6 7. Ne2 cxd4 8. cxd4
f6 9. exf6 Qxf6 10. Nf3 h6 11. O-O Bd6 12. Ng3 O-O 13. Be3 Rd8 14. Re1 Nf8 15.
Rc1 Bd7 16. a3 Be8 17. b4 a6 18. Qd2 Bg6 19. Bxg6 Nxg6 20. Nh5 Qf7 21. Rc3 Nh4
22. Nxh4 Qxh5 23. g3 g5 24. Ng2 e5 25. dxe5 Bxe5 26. Rd3 d4 27. Qa2+ Qf7 28.
Qxf7+ Kxf7 29. Bd2 Bf6 30. f4 Ne7 31. Kf2 Rac8 32. Kf3 Rc2 33. Rc1 Rdc8 34.
Rxc2 Rxc2 35. Ne1 Ra2 36. h3 Ke6 37. Ke4 Nf5 38. g4 Nd6+ 39. Kf3 Kd5 40. f5 Nc4
41. Ke2 Ke4 42. Nf3 Nb2 43. Rb3 d3+ 44. Kf2 Nc4 0-1